History Quiz

Random History or Politics Quiz

Did They Actually Declare War? WWII Edition Quiz Stats

 Plays Quiz Updated Jun 18, 2015

Challenge
Share
Tweet
Embed
Score 0/30 Timer 06:00
6 Plays Today
Declarer Y or N % Correct
United Kingdom​???
85.4%
United States​???
84.9%
Germany​???
77.7%
United Kingdom​​​???
77.7%
France​???
76.3%
France​​​???
73.5%
Italy​???
71.7%
Germany​​???
69.9%
United States​​​???
69.8%
Japan​???
67.4%
United States​​​​​???
65.9%
Finland???
59.9%
United States​​​​???
59.9%
United States​​???
55.8%
Luxembourg???
49%
Declarer Y or N % Correct
Bulgaria???
48.5%
Romania???
45.9%
Chile???
45.3%
Haiti???
44.8%
Italy​​???
43.2%
San Marino???
42.4%
Cuba???
42.2%
Syria???
40.7%
United Kingdom​​???
37.2%
Germany​​​​???
36%
France​​???
35.9%
Soviet Union​​???
34.9%
Japan​​???
32.8%
Soviet Union​???
23.3%
Germany​​​???
23.2%

You're not logged in!

Compare scores with friends on all Sporcle quizzes.
OR
Log In

You Might Also Like...

Show Comments

Extras

Top Quizzes Today


Score Distribution

Your Account Isn't Verified!

In order to create a playlist on Sporcle, you need to verify the email address you used during registration. Go to your Sporcle Settings to finish the process.

Report this User

Report this user for behavior that violates our Community Guidelines.

Details: